000 00395nam a2200157Ia 4500
005 20250624032913.0
008 240331s9999 xx 000 0 und d
020 _a9559513625
082 _bDEC
_a340
100 _aDe Costa,J
245 0 _aAparadha neethiye muuladharma
260 _aColombo
_bJayatissa De Costa
_c1994
300 _a23 p .,
500 _aPrinciples of Criminal Law
942 _cL
999 _c5092
_d5092